[Event "Manizales-ch"]
[Site "Manizales"]
[Date "2016.09.09"]
[Round "5"]
[White "Ballesteros, Andres Felipe"]
[Black "Blasco Camacho, Francesco"]
[Result "0-1"]
[WhiteElo "1622"]
[BlackElo "1662"]
[PlyCount "44"]
[EventDate "2016.09.05"]
[EventType "swiss"]
[EventRounds "9"]
[EventCountry "COL"]
[SourceTitle "CBM 174 Extra"]
[Source "ChessBase"]
[SourceDate "2016.10.10"]
[SourceVersion "1"]
[SourceVersionDate "2016.10.10"]
[SourceQuality "1"]

1. d4 Nf6 2. c4 c5 3. Nf3 g6 4. Nc3 Bg7 5. Bg5 0-0 6. Qd2 Re8 7. e4 d6 8. Rd1 Qa5 9. Nb5 Qxd2+ 10. Bxd2 Na6 11. Bd3 Bg4 12. h3 Bxf3 13. gxf3 cxd4 14. Nxd4 Nc5 15. Bc2 Nfxe4 16. fxe4 Bxd4 17. b3 Rac8 18. f4 Nd7 19. f5 b5 20. fxg6 fxg6 21. Bc1 Bg7 22. cxb5 Rxc2 0-1

[Event "Manizales Castro Memorial"]
[Site "Manizales"]
[Date "2015.12.17"]
[Round "1"]
[White "Munoz Galvez, Jhon Edison"]
[Black "Blasco Camacho, Francesco"]
[Result "1-0"]
[WhiteElo "2323"]
[BlackElo "1690"]
[PlyCount "69"]
[EventDate "2015.12.17"]
[EventType "swiss"]
[EventRounds "7"]
[EventCountry "COL"]
[SourceTitle "CBM 170 Extra"]
[Source "ChessBase"]
[SourceDate "2016.02.25"]
[SourceVersion "1"]
[SourceVersionDate "2016.02.25"]
[SourceQuality "1"]

1. c4 e5 2. Nc3 Nf6 3. Nf3 Nc6 4. g3 Bc5 5. Bg2 0-0 6. 0-0 d6 7. d3 Be6 8. Bg5 h6 9. Bxf6 Qxf6 10. Ne4 Qe7 11. Nxc5 dxc5 12. Nd2 Nd4 13. Rb1 Bg4 14. Re1 Rab8 15. a3 f5 16. f3 Bh5 17. b4 g5 18. e3 Ne6 19. Qa4 Qd6 20. Bf1 a6 21. b5 axb5 22. cxb5 Ra8 23. Qb3 Bf7 24. Nc4 Qd5 25. Qc3 f4 26. Nxe5 fxg3 27. hxg3 Bh5 28. f4 gxf4 29. gxf4 Kh7 30. Rb2 Rg8+ 31. Rg2 Bf3 32. Nxf3 Qxf3 33. Qf6 Rxg2+ 34. Bxg2 Rg8 35. Qf7+ 1-0

[Event "Pan American-ch U18"]
[Site "Cali"]
[Date "2015.07.03"]
[Round "9"]
[White "Blasco Camacho, Francesco"]
[Black "Gomez Morales, Juan Sebastian"]
[Result "1/2-1/2"]
[WhiteElo "1670"]
[BlackElo "1828"]
[PlyCount "59"]
[EventDate "2015.06.28"]
[EventType "swiss"]
[EventRounds "9"]
[EventCountry "COL"]
[SourceTitle "EXT 2016"]
[Source "ChessBase"]
[SourceDate "2015.10.08"]
[SourceVersion "1"]
[SourceVersionDate "2015.10.08"]
[SourceQuality "1"]

1. d4 d5 2. Nf3 Bg4 3. e3 Nf6 4. Be2 e6 5. 0-0 Nbd7 6. b3 Be7 7. Bb2 0-0 8. Nbd2 Rc8 9. c4 c6 10. a3 b6 11. a4 Bb4 12. Ba3 Bxa3 13. Rxa3 Qe7 14. Ra2 e5 15. dxe5 Nxe5 16. Nxe5 Bxe2 17. Qxe2 Qxe5 18. Nf3 Qc7 19. Rc1 dxc4 20. Rxc4 Rfd8 21. Rac2 Qd7 22. h3 Qe8 23. Rd2 c5 24. Rxd8 Rxd8 25. Qc2 h6 26. b4 cxb4 27. Rxb4 Qd7 28. Rc4 Qd1+ 29. Kh2 Qxc2 30. Rxc2 1/2-1/2

[Event "Antioquia region-ch U18 Integrada"]
[Site "Medellin"]
[Date "2015.03.06"]
[Round "2.3"]
[White "Blasco Camacho, Francesco"]
[Black "Zapata Arbelaes, Estiven"]
[Result "0-1"]
[WhiteElo "1670"]
[BlackElo "2067"]
[PlyCount "60"]
[EventDate "2015.03.06"]
[EventType "swiss"]
[EventRounds "5"]
[EventCountry "COL"]
[SourceTitle "EXT 2024"]
[Source "ChessBase"]
[SourceDate "2023.10.10"]
[SourceVersion "1"]
[SourceVersionDate "2023.10.10"]
[SourceQuality "1"]

1. d4 d5 2. Nf3 Nf6 3. e3 Bg4 4. Be2 e6 5. b3 c5 6. Bb2 Nc6 7. Nbd2 Be7 8. 0-0 0-0 9. Rc1 Re8 10. c4 cxd4 11. Nxd4 Bxe2 12. Qxe2 Rc8 13. Rfd1 Bd6 14. h3 Bb8 15. cxd5 Nxd4 16. Bxd4 Rxc1 17. Rxc1 Nxd5 18. Ne4 f5 19. Nc5 Qd6 20. f4 Nxf4 21. Qf3 Nd5 22. Nxb7 Qh2+ 23. Kf2 Nb4 24. Nc5 e5 25. Bb2 e4 26. Nxe4 fxe4 27. Qg4 Bg3+ 28. Ke2 Qxg2+ 29. Kd1 Qf1+ 30. Kd2 Qd3# 0-1

[Event "Bogota IRT Categoria B U17"]
[Site "Bogota"]
[Date "2013.10.23"]
[Round "4.12"]
[White "Melo Silva, Victor Felipe"]
[Black "Blasco Camacho, Francesco"]
[Result "0-1"]
[WhiteElo "1574"]
[BlackElo "1573"]
[PlyCount "82"]
[EventDate "2013.10.22"]
[EventType "swiss"]
[EventRounds "5"]
[EventCountry "COL"]
[SourceTitle "EXT 2024"]
[Source "ChessBase"]
[SourceDate "2023.10.10"]
[SourceVersion "1"]
[SourceVersionDate "2023.10.10"]
[SourceQuality "1"]

1. e4 e5 2. Nf3 Nc6 3. Bc4 Bc5 4. d3 h6 5. Nc3 Nf6 6. Be3 Bb6 7. 0-0 0-0 8. Nh4 Nxe4 9. Nxe4 Qxh4 10. Qf3 Na5 11. Bb3 d6 12. Qg3 Qxg3 13. Nxg3 Nxb3 14. axb3 Be6 15. Bxb6 axb6 16. h3 Ra6 17. Rxa6 bxa6 18. f4 exf4 19. Rxf4 c5 20. Ne2 Re8 21. Kf2 Bd5 22. Ra4 a5 23. Rg4 Bc6 24. Ng3 Re5 25. Ne4 Bxe4 26. Rxe4 g6 27. Kf3 Kg7 28. Rxe5 dxe5 29. Ke3 f5 30. c3 Kf6 31. d4 Ke6 32. dxc5 bxc5 33. c4 g5 34. g4 Kf6 35. gxf5 Kxf5 36. Kf3 h5 37. Ke3 g4 38. h4 e4 39. b4 axb4 40. b3 Ke5 41. Ke2 Kf4 0-1

[Event "Bogota IRT Categoria B U17"]
[Site "Bogota"]
[Date "2013.10.22"]
[Round "1.8"]
[White "Blasco Camacho, Francesco"]
[Black "Huertas Botache, Alvaro Eduardo"]
[Result "1/2-1/2"]
[WhiteElo "1573"]
[BlackElo "1868"]
[PlyCount "103"]
[EventDate "2013.10.22"]
[EventType "swiss"]
[EventRounds "5"]
[EventCountry "COL"]
[SourceTitle "EXT 2024"]
[Source "ChessBase"]
[SourceDate "2023.10.10"]
[SourceVersion "1"]
[SourceVersionDate "2023.10.10"]
[SourceQuality "1"]

1. d4 Nf6 2. c4 e6 3. Nc3 Bb4 4. Bg5 0-0 5. Qc2 b6 6. f3 d5 7. a3 Bxc3+ 8. bxc3 Bb7 9. e3 Nbd7 10. Nh3 Re8 11. Bd3 h6 12. Bh4 e5 13. 0-0 exd4 14. exd4 c5 15. cxd5 cxd4 16. Bb5 Re7 17. cxd4 Bxd5 18. Rac1 g5 19. Nxg5 hxg5 20. Bxg5 Re6 21. Rfe1 Qe7 22. Rxe6 Qxe6 23. Qc7 a6 24. Bxa6 Nf8 25. Bc8 Rxc8 26. Qxc8 Qxc8 27. Rxc8 N6d7 28. Be7 Kg7 29. Rd8 Bc4 30. Kf2 f6 31. Ke3 Kf7 32. Bb4 Bb5 33. Bxf8 Nxf8 34. Rb8 Nd7 35. Rb7 Ke6 36. h4 f5 37. g4 fxg4 38. fxg4 Bc4 39. Kf4 Bd5 40. Ra7 Bc4 41. Rc7 Bb5 42. g5 Be2 43. Rc2 Bh5 44. Rc6+ Kf7 45. Rd6 Nf8 46. Rxb6 Ne6+ 47. Ke5 Nf8 48. a4 Nd7+ 49. Kd6 Nxb6 50. a5 Nc4+ 51. Kc7 Nxa5 52. d5 1/2-1/2

[Event "Central Region-ch U16"]
[Site "Ibague"]
[Date "2013.04.04"]
[Round "2.7"]
[White "Blasco Camacho, Francesco"]
[Black "Kevin Esteban, Perez Lombana"]
[Result "1-0"]
[WhiteElo "1600"]
[BlackElo "1432"]
[PlyCount "83"]
[EventDate "2013.04.04"]
[EventType "swiss"]
[EventRounds "6"]
[EventCountry "COL"]
[SourceTitle "EXT 2024"]
[Source "ChessBase"]
[SourceDate "2023.10.10"]
[SourceVersion "1"]
[SourceVersionDate "2023.10.10"]
[SourceQuality "1"]

1. e4 c5 2. Nf3 d6 3. d4 cxd4 4. Nxd4 Nf6 5. Nc3 a6 6. Be3 e5 7. Nf3 Be7 8. Bc4 0-0 9. Qd2 Be6 10. Bxe6 fxe6 11. Ng5 Qd7 12. 0-0-0 h6 13. Nf3 d5 14. Nxe5 Qd8 15. Ng6 Re8 16. e5 Nfd7 17. Rhg1 Nc6 18. f4 Qa5 19. Nxe7+ Rxe7 20. a3 Nb4 21. axb4 Qa1+ 22. Nb1 Rc8 23. Qd3 Rc4 24. Qa3 Qxa3 25. bxa3 Nf8 26. Rd4 Rc6 27. Kd2 Rec7 28. Rc1 Ng6 29. g3 b5 30. Kd3 Kf7 31. Nd2 Rc3+ 32. Ke2 Rxa3 33. Rd3 Rxd3 34. Kxd3 Ke7 35. Bc5+ Kd7 36. Ra1 Rc6 37. Nb3 Rc8 38. Rxa6 h5 39. Ra7+ Rc7 40. Rxc7+ Kxc7 41. Nd4 Nh8 42. Nxe6+ 1-0